| 000 | 00802nam a2200229Ia 4500 | ||
|---|---|---|---|
| 008 | 191130s2008##################000#0#eng## | ||
| 020 | _a9780415422727 | ||
| 022 | _a2008021246 | ||
| 040 |
_aACL _cACL |
||
| 082 | _aHQ1240.5.D44 G457 2008 306.3/615091724 | ||
| 245 |
_aGender and development : critical concepts in development studies _cedited by Janet D. Momsen |
||
| 260 |
_aNew York ; London _bRoutledge _c2008 |
||
| 300 | _a4 v. : ill., maps ; 24 cm | ||
| 500 | _aIncludes bibliographical references | ||
| 650 | _aSexual division of labor - Developing countries | ||
| 650 | _aWomen - Developing countries | ||
| 650 | _aWomen in development - Developing countries | ||
| 700 | _aMomsen, Janet Henshall | ||
| 990 | _aa962c3c6ac10000c53f8380cf2264e9a | ||
| 991 | _a218867 | ||
| 999 |
_c264756 _d264756 |
||